000 00370nam a2200157Ia 4500
008 230711s9999||||xx |||||||||||||| ||und||
041 _aENG
082 _a621
_bLO-M
100 _aLogan,Daryl L
245 0 _aMechanics of materiala
250 _a1st Ed.
260 _c1991
_aNew Delhi
_bHarperCollins
300 _a784
650 _aMechanical Engineering
942 _cBK
999 _c1770
_d1770